| 000 | 00324nam a2200109Ia 4500 | ||
|---|---|---|---|
| 008 | 171211s9999 xx 000 0 und d | ||
| 020 | _a9780415587358 | ||
| 100 | _aPendlebury, John | ||
| 245 | _aAlternative Visions of Post-War Reconstruction Creating the Modern Townscape | ||
| 260 |
_bRoutledge _c2015 |
||
| 300 | _a257 pages | ||
| 999 |
_c350817 _d350817 |
||